000
00196 a2200097 4500
001
5475
100
_a
Grimsehl,E
245
_a
Textbook of physics
260
_a
_b
Blackie
_c
090
_c
4491
_d
4491
942
_a
NUST-CAE
_c
M
_c
30813
999
_c
240548
_d
240548